|
|
|
|
| LEADER |
00000nab#a22000007a#4500 |
| 001 |
arbauad031508 |
| 003 |
AR-BaUAD |
| 005 |
20250711112543.0 |
| 008 |
980618|||||||||###||||||b###|0###a|spa|| |
| 040 |
|
|
|a AR-BaUAD
|c AR-BaUAD
|b spa
|
| 100 |
|
|
|a Gafforio, Luca
|
| 245 |
|
|
|a La guerra dei mondi /
|c Luca Gafforio; Monica Longhi;
|
| 300 |
0 |
|
|b fot.
|
| 653 |
|
|
|a ITALIA
|
| 653 |
|
|
|a ECONOMIA
|
| 653 |
|
|
|a INDUSTRIA
|
| 653 |
|
|
|a MARKETING
|
| 653 |
|
|
|a EJERCICIO PROFESIONAL
|
| 653 |
|
|
|a DISEÑO INDUSTRIAL
|
| 700 |
1 |
|
|a Longhi, Monica
|
| 773 |
0 |
|
|t MODO
|g no. 188 [abr. 1998], p. 45-49
|
| 942 |
|
|
|c ARTI
|
| 952 |
|
|
|0 0
|1 0
|4 0
|7 0
|9 76427
|a AR-BAuAD
|b AR-BAuAD
|d 2025-07-11
|l 0
|p AAQA031508
|r 2025-07-11 11:25:43
|w 2025-07-11
|y ARTI
|
| 990 |
|
|
|a DI199
|b TD
|
| 998 |
|
|
|a AAQ
|b BIBUN76
|
| 999 |
|
|
|c 56100
|d 56100
|